[Event "1st Grand Europe Open"]
[Site "Golden Sands BUL"]
[Date "2012.06.11"]
[Round "8.58"]
[White "Mgeladze, Tamaz"]
[Black "Rzayev, Bahruz"]
[Result "1/2-1/2"]
[WhiteTitle "FM"]
[WhiteElo "2195"]
[BlackElo "2380"]
[WhiteFideId "13601202"]
[BlackFideId "13403036"]
[EventDate "2012.06.04"]
[EventType "swiss"]

1. c4 e5 2. g3 Nf6 3. Bg2 g6 4. Nc3 Bg7 5. Nf3 d6 6. O-O O-O 7. d3 c6 8. Rb1 Be6
9. b4 Qc8 10. Ng5 Bd7 11. b5 Rd8 12. bxc6 Bxc6 13. Nge4 Nxe4 14. Nxe4 d5 15.
cxd5 Rxd5 16. Ba3 Nd7 17. Ng5 Ra5 18. Qb3 Bxg2 19. Kxg2 Qe8 20. Ne4 Nb6 21. Bb4
Rd5 22. Bc5 Rd7 23. Bxb6 axb6 24. Rfc1 Ra6 25. Rc2 h6 26. Rbc1 Kh7 27. Nc3 Bf8
28. Ne4 Kg7 29. Rc8 Qe7 30. R1c2 f5 31. Nd2 Qf7 32. Qb2 Qd5+ 33. e4 fxe4 34.
dxe4 Qd4 35. R8c7 Kf6 36. Qxd4 Rxd4 37. Rxb7 Bc5 38. Nb3 Rxe4 39. Rxc5 bxc5 40.
Nxc5 Rea4 41. Nxa6 Rxa6 42. Rb2 Ra3 43. Kf1 Kf5 44. h3 h5 45. h4 g5 46. hxg5
Kxg5 47. Kg2 h4 48. gxh4+ Kxh4 49. Re2 Kg4 50. Rb2 e4 1/2-1/2

[Event "1st Grand Europe Open"]
[Site "Golden Sands BUL"]
[Date "2012.06.11"]
[Round "8.59"]
[White "Kanmazalp, Ogulcan"]
[Black "Ibryamov, Ilhan"]
[Result "1/2-1/2"]
[WhiteTitle "IM"]
[WhiteElo "2379"]
[BlackElo "2142"]
[WhiteFideId "6304990"]
[BlackFideId "2918854"]
[EventDate "2012.06.04"]
[EventType "swiss"]

1. e4 e5 2. Nf3 Nc6 3. Bb5 a6 4. Ba4 Nf6 5. O-O Be7 6. Qe2 b5 7. Bb3 d6 8. c3
Na5 9. Bc2 c5 10. Rd1 Qc7 11. d3 O-O 12. Nbd2 Re8 13. Nf1 Nc6 14. Ng3 d5 15. h3
d4 16. cxd4 Nxd4 17. Nxd4 cxd4 18. Bb3 a5 19. Bg5 a4 20. Bxf6 axb3 21. Bxe7 Qxe7
22. axb3 Be6 23. Qd2 g6 24. Ra5 Bxb3 25. Rc1 Rab8 26. Ra6 Rec8 27. Rac6 Rxc6 28.
Rxc6 Qd7 29. Rc1 Rc8 30. Rxc8+ Qxc8 31. Qb4 Qc1+ 32. Kh2 Qxb2 33. Qxb5 f6 34.
Qb8+ Kg7 35. Qb7+ Kg8 36. h4 h5 37. Qb8+ Kg7 38. f4 exf4 39. Qxf4 Bf7 40. e5 Qb6
41. Ne4 f5 42. Nd6 Qc5 43. Kh3 Qd5 44. Nc4 Qc5 45. Nd6 Qd5 46. Nc8 Qb7 47. Qxd4
Qxc8 48. e6+ Kf8 49. Qd6+ Ke8 50. exf7+ Kxf7 51. Qd5+ Kg7 52. Qe5+ Kf7 53. d4
f4+ 54. Kh2 Qg4 55. Qc7+ Kf8 56. Qd8+ Kf7 1/2-1/2

[Event "1st Grand Europe Open"]
[Site "Golden Sands BUL"]
[Date "2012.06.11"]
[Round "8.60"]
[White "Xylogiannopoulos, Antonios"]
[Black "Kashlinskaya, Alina"]
[Result "0-1"]
[BlackTitle "WGM"]
[WhiteElo "2148"]
[BlackElo "2372"]
[WhiteFideId "4215133"]
[BlackFideId "4198026"]
[EventDate "2012.06.04"]
[EventType "swiss"]

1. e4 e5 2. Nf3 Nc6 3. Bb5 a6 4. Ba4 Nf6 5. O-O Be7 6. Re1 b5 7. Bb3 d6 8. c3
O-O 9. h3 Nb8 10. d4 Nbd7 11. Nbd2 Bb7 12. Bc2 Re8 13. Nf1 Bf8 14. Ng3 g6 15. a4
c6 16. Bg5 h6 17. Be3 Qc7 18. Bd3 Bg7 19. dxe5 Nxe5 20. Nxe5 Rxe5 21. Bf4 Re6
22. c4 g5 23. Bd2 bxc4 24. Bxc4 d5 25. exd5 cxd5 26. Bd3 Ne4 27. Nxe4 dxe4 28.
Bf1 Bxb2 29. Rb1 Bd4 30. Be3 Bxe3 31. Rxe3 Bc6 32. h4 gxh4 33. Qg4+ Kh7 34. Qxh4
f5 35. g3 Rg6 36. Rc1 Rag8 37. Bxa6 f4 38. Rxe4 Rxg3+ 39. fxg3 Qa7+ 40. Kf1 Bxe4
41. Bb5 Rxg3 42. Qh2 Qe3 43. Rc7+ Kg6 44. Be8+ Kf5 45. Qh5+ Rg5 46. Bd7+ Ke5 47.
Qe8+ Kd6 48. Rc6+ Bxc6 0-1

[Event "1st Grand Europe Open"]
[Site "Golden Sands BUL"]
[Date "2012.06.11"]
[Round "8.61"]
[White "Asparuhov, Parvan"]
[Black "Gorbatov, Alexej"]
[Result "0-1"]
[BlackTitle "IM"]
[WhiteElo "2077"]
[BlackElo "2363"]
[WhiteFideId "2905647"]
[BlackFideId "4111834"]
[EventDate "2012.06.04"]
[EventType "swiss"]

1. e4 c5 2. Nf3 e6 3. Nc3 a6 4. d4 cxd4 5. Nxd4 Qc7 6. Bd3 Nf6 7. Qe2 d6 8. O-O
Be7 9. Kh1 O-O 10. a4 b6 11. Be3 Bb7 12. f3 Nbd7 13. Qf2 Nc5 14. Nb3 Nfd7 15.
Be2 Bf6 16. Nd4 d5 17. exd5 exd5 18. Rfe1 Rfe8 19. Bf1 Qd8 20. Rad1 Be5 21. Nde2
Qc7 22. Bd4 Bd6 23. g3 Re7 24. Bg2 Rae8 25. Nc1 Ne6 26. Be3 Be5 27. N1e2 Bf6 28.
Rf1 Ndc5 29. Nd4 Rd8 30. Qd2 Nxd4 31. Bxd4 Bxd4 32. Qxd4 Ne6 33. Qd2 d4 34. Ne2
g6 35. b3 a5 36. Nc1 Ba6 37. Rf2 Nc5 38. Bf1 Bb7 39. Nd3 Re3 40. Nxc5 Qxc5 41.
Bg2 Rc3 42. Qe2 Bc8 43. g4 Kg7 44. h3 h5 45. Kg1 Be6 46. Rd3 Rc8 47. Rxc3 dxc3
48. Qd1 Rc7 49. Bf1 Qe3 50. Kg2 h4 51. Re2 Qf4 52. Qd3 Rc5 53. Kh1 g5 54. Rf2
Qe5 55. Re2 Qd5 56. Rf2 Kf6 57. Kg1 Qe5 58. Re2 Qd5 59. Rf2 Ke5 0-1

[Event "1st Grand Europe Open"]
[Site "Golden Sands BUL"]
[Date "2012.06.11"]
[Round "8.62"]
[White "Todorov, Ognjan"]
[Black "Ivanov, Tsvetalin"]
[Result "1/2-1/2"]
[WhiteTitle "IM"]
[WhiteElo "2305"]
[BlackElo "2139"]
[WhiteFideId "2900521"]
[BlackFideId "2907720"]
[EventDate "2012.06.04"]
[EventType "swiss"]

1. d4 Nf6 2. Nf3 e6 3. c4 b6 4. g3 Bb7 5. Bg2 Be7 6. O-O O-O 7. b3 d5 8. cxd5
exd5 9. Nc3 Ne4 10. Bb2 Nd7 11. Rc1 Re8 12. Qc2 Nxc3 13. Qxc3 Bd6 14. e3 a5 15.
Rfd1 Qe7 16. Nh4 Qe6 17. Qc2 g6 18. Nf3 f6 19. Nd2 Re7 20. Nc4 Nf8 21. Nxd6 Qxd6
22. a4 Ne6 23. h4 Ng7 24. Qb1 Rae8 25. Rc3 Rf7 26. Rdc1 f5 27. R1c2 Ne6 28. Qc1
Qd8 29. Ba3 g5 30. hxg5 Qxg5 31. Qd1 h5 32. Bc1 h4 33. e4 f4 34. e5 Qg6 35. g4
c5 36. dxc5 bxc5 37. Rh3 Rh7 38. Kh2 Rd8 39. Rd2 d4 40. Bxb7 Rxb7 41. Rxh4 Rh7
42. Rh5 Kg7 43. Rd3 Rxh5+ 44. gxh5 Rh8 45. Rh3 Qf5 46. Qe2 Kf7 47. h6 Kg6 48.
Qb5 Rxh6 49. Qe8+ Kh7 50. Qe7+ Kg6 51. Qe8+ Kh7 1/2-1/2

[Event "1st Grand Europe Open"]
[Site "Golden Sands BUL"]
[Date "2012.06.11"]
[Round "8.64"]
[White "Vaarala, Eric"]
[Black "Matviyishen, Viktor"]
[Result "1-0"]
[WhiteElo "2249"]
[BlackElo "1848"]
[WhiteFideId "1711962"]
[BlackFideId "14129850"]
[EventDate "2012.06.04"]
[EventType "swiss"]

1. e4 c5 2. Nf3 Nc6 3. d4 cxd4 4. Nxd4 Qc7 5. Nc3 e6 6. g3 a6 7. Bg2 b5 8. O-O
Bb7 9. Re1 Nxd4 10. Qxd4 d6 11. a4 e5 12. Nd5 Qb8 13. Qc3 Bxd5 14. exd5 Ne7 15.
axb5 axb5 16. Be3 g6 17. Rxa8 Qxa8 18. Qb3 Qa5 19. Bd2 Qxd2 20. Qxb5+ Kd8 21.
Qb6+ Kd7 22. Qb7+ Kd8 23. Ra1 Nc8 24. Bh3 f5 25. c4 Qd4 26. Ra6 e4 27. Rc6 Na7
28. Rc7 1-0

[Event "1st Grand Europe Open"]
[Site "Golden Sands BUL"]
[Date "2012.06.11"]
[Round "8.66"]
[White "Shalamberidze, Akaki"]
[Black "Ibrahim, Ismail UAE"]
[Result "1-0"]
[WhiteTitle "IM"]
[WhiteElo "2333"]
[BlackElo "2147"]
[WhiteFideId "13600532"]
[BlackFideId "9301038"]
[EventDate "2012.06.04"]
[EventType "swiss"]

1. c4 Nf6 2. Nc3 d5 3. cxd5 Nxd5 4. g3 g6 5. Bg2 Nb6 6. h4 Bg7 7. h5 Nc6 8. d3
Bg4 9. h6 Be5 10. Nf3 Bd6 11. Ne4 Bb4+ 12. Kf1 e5 13. a3 Be7 14. b4 O-O 15. Bb2
Nd4 16. Nxd4 exd4 17. Rc1 f5 18. Qb3+ Kh8 19. Nc5 f4 20. gxf4 Qd6 21. e3 Rxf4
22. exf4 Rf8 23. Ne4 1-0

[Event "1st Grand Europe Open"]
[Site "Golden Sands BUL"]
[Date "2012.06.11"]
[Round "8.68"]
[White "Ljangov, Petar"]
[Black "Samhouri, Bilal"]
[Result "1/2-1/2"]
[BlackTitle "FM"]
[WhiteElo "2098"]
[BlackElo "2281"]
[WhiteFideId "2901277"]
[BlackFideId "8100942"]
[EventDate "2012.06.04"]
[EventType "swiss"]

1. e4 c5 2. Nf3 g6 3. Bc4 Bg7 4. O-O Nc6 5. c3 e5 6. d3 Nge7 7. Be3 d6 8. Ng5
O-O 9. f4 Na5 10. fxe5 Nxc4 11. dxc4 Bxe5 12. Nf3 Bg4 13. h3 Bxf3 14. Rxf3 Nc6
15. Nd2 Bg7 16. Bf4 Qe7 17. Qc2 Rfe8 18. Raf1 Ne5 19. Bxe5 Bxe5 20. Qd3 Qe6 21.
Rxf7 Qxf7 22. Rxf7 Kxf7 23. Qd5+ Kg7 24. Qxb7+ Kh8 25. Qd5 Rab8 26. b3 Bxc3 27.
Nf3 Be5 28. Kf2 Rf8 29. Ke2 Bf4 30. Kd3 Rb6 31. Kc2 Rbb8 32. h4 Kg7 33. Kd3 Rbe8
34. a3 Rb8 35. Kc2 Rf7 36. Qd3 Rc7 37. Qd5 Rbc8 38. Kd3 Rb8 39. Kc2 Re8 40. Kd3
Rb8 1/2-1/2

[Event "1st Grand Europe Open"]
[Site "Golden Sands BUL"]
[Date "2012.06.11"]
[Round "8.69"]
[White "Bozov, Ahmet"]
[Black "Velcheva, Maria"]
[Result "0-1"]
[BlackTitle "WGM"]
[WhiteElo "2095"]
[BlackElo "2269"]
[WhiteFideId "2906082"]
[BlackFideId "2903210"]
[EventDate "2012.06.04"]
[EventType "swiss"]

1. e4 c5 2. Nf3 e6 3. d4 cxd4 4. Nxd4 Nc6 5. Be3 Nf6 6. Bd3 Qc7 7. O-O a6 8. Nc3
Ne5 9. h3 Bc5 10. Be2 d6 11. a3 O-O 12. Qd2 b5 13. f4 Ng6 14. Nb3 b4 15. axb4
Bxb4 16. Qd4 Bxc3 17. bxc3 Bb7 18. Bd3 a5 19. Bd2 Nxf4 20. Ra4 e5 21. Qe3 Bc6
22. Rc4 Qb7 23. Ra1 a4 24. Nc1 a3 25. Rb4 Qd7 26. c4 N6h5 27. Na2 f5 28. Nc3
fxe4 29. Bxe4 Bxe4 30. Nxe4 a2 31. Kh2 Qe6 32. g4 Nf6 33. Ng3 Qd7 34. Qb3 Qc6
35. Bxf4 exf4 36. Nf5 Rfe8 37. c5+ Kh8 38. Qd3 dxc5 39. Rxf4 Rad8 40. Qf3 Rd2+
41. Kg1 Qxf3 42. Rxf3 Rxc2 43. Ra3 g6 44. Ne3 Rb2 45. Nf1 Ree2 46. g5 Ne4 47. h4
Kg8 0-1

[Event "1st Grand Europe Open"]
[Site "Golden Sands BUL"]
[Date "2012.06.11"]
[Round "8.70"]
[White "Guempel, Viktor"]
[Black "Zulfic, Fedja"]
[Result "0-1"]
[WhiteTitle "FM"]
[WhiteElo "2266"]
[BlackElo "2130"]
[WhiteFideId "4148509"]
[BlackFideId "3208427"]
[EventDate "2012.06.04"]
[EventType "swiss"]

1. e4 c5 2. Nf3 Nc6 3. d4 cxd4 4. Nxd4 g6 5. Bc4 Bg7 6. Be3 Nf6 7. Nc3 d6 8. f3
Bd7 9. Qd2 Rc8 10. Bb3 h5 11. O-O-O Ne5 12. Bg5 Nc4 13. Bxc4 Rxc4 14. Nde2 a5
15. Kb1 b5 16. e5 dxe5 17. Nxb5 Qc8 18. Nec3 Bxb5 19. Nxb5 O-O 20. Rhe1 Qf5 21.
Qd3 Rfc8 22. Qxf5 gxf5 23. Rd2 Rb4 24. Na3 e4 25. Red1 Kh7 26. c4 a4 27. Rc2
exf3 28. gxf3 e5 29. Rd6 Ne8 30. Rd7 0-1

[Event "1st Grand Europe Open"]
[Site "Golden Sands BUL"]
[Date "2012.06.11"]
[Round "8.71"]
[White "Mladenov, Emil"]
[Black "Aginian, Nelly"]
[Result "1-0"]
[BlackTitle "WGM"]
[WhiteElo "2081"]
[BlackElo "2254"]
[WhiteFideId "2904918"]
[BlackFideId "13300628"]
[EventDate "2012.06.04"]
[EventType "swiss"]

1. e4 e6 2. d3 d5 3. Nd2 Nf6 4. g3 Nc6 5. Bg2 Bc5 6. Ngf3 dxe4 7. dxe4 e5 8. O-O
O-O 9. c3 a5 10. Nh4 b6 11. h3 Ba6 12. Re1 Qc8 13. Qf3 Rd8 14. Nf1 Rd3 15. Ne3
Bb7 16. Bf1 Rd8 17. Nef5 Qe6 18. Nxg7 Kxg7 19. Bc4 Qxc4 20. Bh6+ Kg8 21. Qxf6
Bf8 22. Bxf8 Kxf8 23. Nf5 Ke8 24. b3 Qxc3 25. Rac1 Qb4 26. a3 Qxa3 27. Rxc6 Bxc6
28. Qxc6+ Kf8 29. Qf6 Ke8 30. Ng7+ Kd7 31. Rd1+ Qd6 32. Rxd6+ cxd6 33. Qxf7+ Kc8
34. Ne6 Rd7 35. Qe8+ 1-0

[Event "1st Grand Europe Open"]
[Site "Golden Sands BUL"]
[Date "2012.06.11"]
[Round "8.73"]
[White "Foisor, Mihaela-Veronica"]
[Black "Khouri, Ahmed Abbas"]
[Result "1-0"]
[WhiteTitle "WFM"]
[BlackTitle "FM"]
[WhiteElo "2244"]
[BlackElo "2073"]
[WhiteFideId "2270757"]
[BlackFideId "9301518"]
[EventDate "2012.06.04"]
[EventType "swiss"]

1. d4 Nf6 2. c4 g6 3. Nc3 d5 4. Nf3 Bg7 5. e3 c5 6. dxc5 Qa5 7. Qa4+ Qxa4 8.
Nxa4 Ne4 9. cxd5 Bd7 10. Bd3 f5 11. Bc2 Na6 12. Bd2 O-O 13. Nc3 Nxd2 14. Kxd2
Nxc5 15. Rac1 Rfd8 16. Rhd1 Bc6 17. Nd4 Bxd5 18. Nxd5 Rxd5 19. Ke1 Kh8 20. b4
Na6 21. Bb3 Rd7 22. a3 Bxd4 23. Rxd4 Rad8 24. b5 Rxd4 25. exd4 Nb8 26. Rc7 a6
27. a4 axb5 28. axb5 Rxd4 29. Rc8+ Kg7 30. Rxb8 Rb4 31. Bd5 Rxb5 32. Bf3 Rb1+
33. Ke2 Rb2+ 34. Ke3 b5 35. Kd3 Kf6 36. Kc3 1-0

[Event "1st Grand Europe Open"]
[Site "Golden Sands BUL"]
[Date "2012.06.11"]
[Round "8.83"]
[White "Ilic, Slobodan S"]
[Black "Silivri, Volkan Resat"]
[Result "1-0"]
[WhiteElo "2160"]
[BlackElo "1700"]
[WhiteFideId "912883"]
[BlackFideId "6331521"]
[EventDate "2012.06.04"]
[EventType "swiss"]

1. c4 Nf6 2. Nc3 g6 3. Nf3 Bg7 4. g3 O-O 5. Bg2 c6 6. O-O d5 7. cxd5 Nxd5 8. d4
Nxc3 9. bxc3 Bg4 10. Rb1 Qc8 11. Ba3 Re8 12. Qb3 b6 13. Rfe1 Nd7 14. Ng5 1-0

[Event "1st Grand Europe Open"]
[Site "Golden Sands BUL"]
[Date "2012.06.11"]
[Round "8.85"]
[White "Dyulgerov, Dimitar"]
[Black "Spiridonov, Nikola"]
[Result "0-1"]
[BlackTitle "GM"]
[WhiteElo "2015"]
[BlackElo "2240"]
[WhiteFideId "2919044"]
[BlackFideId "2900238"]
[EventDate "2012.06.04"]
[EventType "swiss"]

1. e4 Nf6 2. Nc3 d5 3. exd5 Nxd5 4. Bc4 c6 5. Nge2 g6 6. O-O Bg7 7. Bb3 O-O 8.
Nxd5 cxd5 9. d4 Nc6 10. c3 e6 11. h3 b6 12. f4 Ba6 13. g4 Ne7 14. Rf3 Bxe2 15.
Qxe2 Qd7 16. Be3 b5 17. Raf1 Rae8 18. Bc2 f5 19. Bc1 Nc8 20. g5 Nd6 21. h4 Ne4
22. h5 Rf7 23. Rh3 Rc8 24. Bxe4 dxe4 25. a3 a5 26. Qh2 b4 27. axb4 axb4 28. Bd2
Qd5 29. Kf2 bxc3 30. bxc3 Qa2 31. Ke2 Rb7 32. hxg6 hxg6 33. Rh4 Rb2 34. Ke3
Bxd4+ 35. Kxd4 Qd5+ 36. Ke3 Qd3+ 37. Kf2 Qxd2+ 38. Kg3 Qe3+ 0-1

[Event "1st Grand Europe Open"]
[Site "Golden Sands BUL"]
[Date "2012.06.12"]
[Round "9.1"]
[White "Vajda, Levente"]
[Black "Efimenko, Zahar"]
[Result "1/2-1/2"]
[WhiteTitle "GM"]
[BlackTitle "GM"]
[WhiteElo "2600"]
[BlackElo "2689"]
[WhiteFideId "1203975"]
[BlackFideId "14107201"]
[EventDate "2012.06.04"]
[EventType "swiss"]

1. e4 c5 2. c3 d5 3. exd5 Qxd5 4. d4 Nf6 5. Nf3 Nc6 6. Be3 Bg4 7. dxc5 Qxd1+ 8.
Kxd1 Nd5 9. h3 Bxf3+ 10. gxf3 e6 11. Bb5 Nxe3+ 12. fxe3 Bxc5 13. Ke2 1/2-1/2

[Event "1st Grand Europe Open"]
[Site "Golden Sands BUL"]
[Date "2012.06.12"]
[Round "9.3"]
[White "Akopian, Vladimir"]
[Black "Lu, Shanglei"]
[Result "0-1"]
[WhiteTitle "GM"]
[BlackTitle "GM"]
[WhiteElo "2697"]
[BlackElo "2522"]
[WhiteFideId "13300032"]
[BlackFideId "8603332"]
[EventDate "2012.06.04"]
[EventType "swiss"]

1. Nf3 g6 2. d4 Bg7 3. e4 c5 4. d5 d6 5. Bb5+ Nd7 6. a4 Nf6 7. Nc3 O-O 8. O-O
Ne8 9. Re1 Nc7 10. Bc4 Nb6 11. Be2 Bg4 12. Nd2 Bxe2 13. Qxe2 e6 14. a5 Nd7 15.
Nc4 exd5 16. Nxd5 Nxd5 17. exd5 Ne5 18. a6 b5 19. Nxe5 Bxe5 20. Ra3 Rb8 21. g3
Re8 22. Re3 Qb6 23. Kg2 Rf8 24. Ra3 c4 25. Qf3 b4 26. Ra4 Qb5 27. b3 cxb3 28.
cxb3 Rbc8 29. Bh6 Rc3 30. Re3 Rfc8 31. Ra2 Bd4 32. Rxc3 Rxc3 33. Qe4 Be5 34. f4
Bg7 35. Ra5 Qd7 36. Bxg7 Kxg7 37. Ra4 Qc8 38. Ra2 Qc5 39. Rb2 Qe3 40. Re2 Qc5
41. f5 Rxb3 42. Kh3 Qc3 43. Rc2 Qf6 44. Rc7 gxf5 45. Qe6 Qg6 46. Qxg6+ hxg6 47.
Rxa7 Ra3 48. Kg2 Kf6 49. h4 Ke5 50. Rb7 Rxa6 51. Rxb4 Kxd5 52. h5 Ra2+ 53. Kh3
g5 54. g4 Ra3+ 55. Kg2 fxg4 56. Rxg4 f6 57. Rb4 Ke6 58. Rb7 Kf5 59. Rg7 Kg4 60.
h6 Ra2+ 61. Kf1 Kf3 62. Kg1 Kg3 63. Kf1 Ra1+ 64. Ke2 Kg4 65. Rg6 Kf5 66. Rg7 Rh1
67. h7 Kg4 68. Kf2 f5 69. Kg2 Rh6 70. Kf2 f4 71. Rf7 d5 72. Rd7 d4 73. Rf7 d3
74. Rg7 d2 75. Ke2 Rh2+ 76. Kd1 f3 77. Kc2 f2 78. Rf7 Kg3 0-1

[Event "1st Grand Europe Open"]
[Site "Golden Sands BUL"]
[Date "2012.06.12"]
[Round "9.4"]
[White "Esen, Baris"]
[Black "Melkumyan, Hrant"]
[Result "0-1"]
[WhiteTitle "GM"]
[BlackTitle "GM"]
[WhiteElo "2568"]
[BlackElo "2642"]
[WhiteFideId "6302114"]
[BlackFideId "13302485"]
[EventDate "2012.06.04"]
[EventType "swiss"]

1. d4 Nf6 2. c4 e6 3. Nf3 c5 4. d5 exd5 5. cxd5 g6 6. Nc3 Bg7 7. e4 d6 8. Nd2
O-O 9. Be2 Re8 10. O-O Na6 11. Kh1 Nc7 12. a4 Na6 13. f3 Nb4 14. Nc4 Nh5 15. g4
Nf6 16. Bf4 Bxg4 17. fxg4 Nxe4 18. Rc1 Nxc3 19. bxc3 Na2 20. Bf3 Nxc1 21. Qxc1
Bf8 22. Qb2 Rb8 23. Kg2 b6 24. Qf2 Qd7 25. Qg3 Rbd8 26. Ra1 b5 27. axb5 Qxb5 28.
Nd2 a5 29. Kh3 Qb2 30. Rxa5 Qxc3 31. Ra4 Bg7 32. Rc4 Qa1 33. Rc2 Qa4 34. Rc4 Qa2
35. Re4 Qc2 36. Rc4 Qa2 37. Rc1 Rb8 38. Nc4 Rb3 39. Nxd6 Rd8 40. g5 Rd3 41. Nc4
Qb3 42. Nd2 Qa3 43. Nc4 Qb3 44. Nd2 Qa2 45. Ne4 R8xd5 46. Nxc5 Ra3 47. Ne4 Rd8
48. Qg2 Qe6+ 49. Kg3 Qxe4 0-1

[Event "1st Grand Europe Open"]
[Site "Golden Sands BUL"]
[Date "2012.06.12"]
[Round "9.5"]
[White "Virovlansky, Semen"]
[Black "L'Ami, Erwin"]
[Result "1/2-1/2"]
[WhiteTitle "IM"]
[BlackTitle "GM"]
[WhiteElo "2445"]
[BlackElo "2605"]
[WhiteFideId "4125207"]
[BlackFideId "1007998"]
[EventDate "2012.06.04"]
[EventType "swiss"]

1. d4 d5 2. c4 c6 3. Nf3 Nf6 4. e3 g6 5. Nc3 Bg7 6. Be2 O-O 7. O-O Qb6 8. Qb3
Be6 9. Bd2 Nbd7 10. Qxb6 axb6 11. Ng5 Bf5 12. cxd5 cxd5 13. g4 Bxg4 14. Bxg4
Nxg4 15. Nxd5 e6 16. Nc7 Rac8 17. Rac1 Bf6 18. Ne4 Be7 19. Nb5 Rc6 20. Na7 Rxc1
21. Rxc1 Ra8 22. Rc8+ Rxc8 23. Nxc8 Bd8 24. Ncd6 Bc7 25. h3 Ngf6 26. Nxf6+ Nxf6
27. Nxb7 Kf8 28. Bb4+ Ke8 29. Nd6+ Bxd6 30. Bxd6 Kd7 31. Bf8 Kc6 32. f3 Nd7 33.
Bg7 Kb5 34. Kf2 Kc4 35. Ke2 f6 36. Kd2 h5 37. h4 g5 38. hxg5 fxg5 39. Ke2 g4 40.
fxg4 hxg4 41. e4 g3 42. Kf3 Kd3 43. d5 exd5 44. exd5 Kc4 45. Kxg3 Kxd5 46. Kf3
b5 47. Ke3 Nb8 48. Kd3 Nc6 49. Bc3 1/2-1/2

[Event "1st Grand Europe Open"]
[Site "Golden Sands BUL"]
[Date "2012.06.12"]
[Round "9.6"]
[White "Li, Shilong"]
[Black "Lupulescu, Constantin"]
[Result "1/2-1/2"]
[WhiteTitle "GM"]
[BlackTitle "GM"]
[WhiteElo "2553"]
[BlackElo "2603"]
[WhiteFideId "8600678"]
[BlackFideId "1207822"]
[EventDate "2012.06.04"]
[EventType "swiss"]

1. d4 Nf6 2. c4 e6 3. Nc3 Bb4 4. e3 O-O 5. Bd3 d5 6. a3 Bxc3+ 7. bxc3 dxc4 8.
Bxc4 c5 9. Nf3 Qc7 10. Qd3 b6 11. e4 Bb7 12. e5 Ne4 13. Bb2 cxd4 14. cxd4 Rc8
15. Bb3 Bd5 16. O-O Nc6 17. Rac1 Qd7 18. Bc2 Ne7 19. Rfe1 f5 20. exf6 Nxf6 21.
Ne5 Qe8 22. f3 Qh5 23. Qd2 Nc6 24. Bc3 Nxe5 25. Rxe5 Qf7 26. Bd3 Rc7 27. Qb2
Rac8 28. Bd2 Rxc1+ 29. Bxc1 Qc7 30. Bd2 Bc4 31. Bb1 Bd5 32. Re1 Qc4 33. Rc1 Qa6
34. Re1 Qc4 35. Bg5 Qc3 36. Qf2 Qxa3 37. Qh4 Qf8 38. Bxf6 Qxf6 39. Qxh7+ Kf7 40.
Qh5+ Kg8 41. Qh7+ Kf7 42. Qh5+ Kg8 43. Qh7+ Kf7 44. Qh5+ Kg8 45. Qh7+ 1/2-1/2

[Event "1st Grand Europe Open"]
[Site "Golden Sands BUL"]
[Date "2012.06.12"]
[Round "9.8"]
[White "Swiercz, Dariusz"]
[Black "Wan, Yunguo"]
[Result "1/2-1/2"]
[WhiteTitle "GM"]
[WhiteElo "2585"]
[BlackElo "2456"]
[WhiteFideId "1126881"]
[BlackFideId "8603189"]
[EventDate "2012.06.04"]
[EventType "swiss"]

1. d4 d6 2. e4 g6 3. g3 Bg7 4. Bg2 c5 5. Ne2 cxd4 6. Nxd4 Nc6 7. Ne2 Nf6 8. Nbc3
O-O 9. O-O Rb8 10. a4 a6 11. Nd5 b5 12. axb5 axb5 13. h3 Nd7 14. Ra2 e6 15. Ne3
Nc5 16. Qd2 b4 17. b3 Ba6 18. Re1 Ra8 19. Bb2 Bxb2 20. Rxb2 Bxe2 21. Qxe2 Qf6
22. Rbb1 Ra2 23. Rbd1 Qc3 24. Qd2 Rd8 25. Qxc3 bxc3 26. f4 Kg7 27. Kf1 Nb4 28.
Re2 Nc6 29. Nc4 1/2-1/2

[Event "1st Grand Europe Open"]
[Site "Golden Sands BUL"]
[Date "2012.06.12"]
[Round "9.9"]
[White "Tunik, Gennady"]
[Black "Grigoryan, Avetik"]
[Result "1/2-1/2"]
[WhiteTitle "GM"]
[BlackTitle "GM"]
[WhiteElo "2429"]
[BlackElo "2581"]
[WhiteFideId "4101219"]
[BlackFideId "13302191"]
[EventDate "2012.06.04"]
[EventType "swiss"]

1. d4 d5 2. c4 dxc4 3. Nf3 c6 4. e3 Be6 5. Nc3 b5 6. a4 b4 7. Ne2 Nf6 8. Nf4 Bd5
9. Bd2 Qa5 10. Rc1 g5 11. Nxg5 Nbd7 12. Nf3 Nb6 13. Ne5 Bh6 14. Nxd5 cxd5 1/2-1/2

[Event "1st Grand Europe Open"]
[Site "Golden Sands BUL"]
[Date "2012.06.12"]
[Round "9.11"]
[White "Petrosian, Tigran L."]
[Black "Berescu, Alin-Mile"]
[Result "1-0"]
[WhiteTitle "GM"]
[BlackTitle "GM"]
[WhiteElo "2657"]
[BlackElo "2516"]
[WhiteFideId "13301616"]
[BlackFideId "1204920"]
[EventDate "2012.06.04"]
[EventType "swiss"]

1. Nf3 Nf6 2. g3 b5 3. Bg2 Bb7 4. O-O e6 5. d3 Be7 6. e4 d6 7. e5 dxe5 8. Nxe5
Bxg2 9. Kxg2 Qd5+ 10. Qf3 c6 11. Re1 Nfd7 12. Nxd7 Nxd7 13. Nc3 Qxf3+ 14. Kxf3
O-O 15. a4 b4 16. Ne4 b3 17. c3 Rfd8 18. Ke2 Ne5 19. Rd1 Rd5 20. f4 Nd7 21. Be3
Rh5 22. Rh1 a6 23. h4 e5 24. f5 g6 25. Rag1 Kg7 26. g4 Rxh4 27. f6+ Nxf6 28.
Rxh4 Nxe4 29. g5 Nd6 30. Rb4 Nf5 31. Rb7 Rd8 32. Bf2 f6 33. gxf6+ Kxf6 34. Rxb3
h5 35. Rb6 Rc8 36. Rxa6 g5 37. b4 g4 38. b5 Kg5 39. Rxc6 Ra8 40. Rc4 Nd6 41. Rc7 1-0

[Event "1st Grand Europe Open"]
[Site "Golden Sands BUL"]
[Date "2012.06.12"]
[Round "9.14"]
[White "Nabaty, Tamir"]
[Black "Grigoryan, Karen H."]
[Result "1-0"]
[WhiteTitle "GM"]
[BlackTitle "IM"]
[WhiteElo "2553"]
[BlackElo "2517"]
[WhiteFideId "2809052"]
[BlackFideId "13301004"]
[EventDate "2012.06.04"]
[EventType "swiss"]

1. d4 d5 2. Nc3 Nf6 3. Bf4 e6 4. Nb5 Na6 5. e3 c6 6. Nc3 Nc7 7. Qf3 c5 8. Qg3
Na6 9. Be5 Nd7 10. Bb5 f6 11. Bf4 Qb6 12. h4 cxd4 13. exd4 Qxd4 14. Nf3 Qb6 15.
O-O-O Kf7 16. Nd4 Bb4 17. Nxe6 Qxe6 18. Nxd5 Ndc5 19. Bxa6 Nxa6 20. Nxb4 Nxb4
21. Rhe1 Nxa2+ 22. Kb1 Qg4 23. Qb3+ Kg6 24. h5+ Qxh5 25. Rd3 Bg4 26. f3 Rhe8 27.
Rxe8 Rxe8 28. fxg4 Qa5 29. Bd2 Qa6 30. Rd7 Re6 31. Qd5 Qf1+ 32. Kxa2 Ra6+ 33.
Kb3 Rb6+ 34. Bb4 1-0